<?xml version='1.0' encoding='UTF-8'?>
  <record xmlns="http://www.loc.gov/MARC21/slim">
    <leader>00000cam a2200000 a 4500</leader>
    <controlfield tag="001">ocm31248384</controlfield>
    <controlfield tag="003">OCoLC</controlfield>
    <controlfield tag="005">20250403060144.9</controlfield>
    <controlfield tag="008">911226s1879    gw            000 0 ger d</controlfield>
    <datafield tag="040" ind1=" " ind2=" ">
      <subfield code="a">BHA</subfield>
      <subfield code="b">eng</subfield>
      <subfield code="c">BHA</subfield>
      <subfield code="d">OCLCQ</subfield>
      <subfield code="d">OCLCG</subfield>
      <subfield code="d">OCLCQ</subfield>
      <subfield code="d">OCLCA</subfield>
      <subfield code="d">OCLCF</subfield>
      <subfield code="d">OCLCQ</subfield>
      <subfield code="d">OCLCO</subfield>
      <subfield code="d">OCLCA</subfield>
      <subfield code="d">OCLCO</subfield>
      <subfield code="d">OCLCL</subfield>
      <subfield code="d">OCLCQ</subfield>
    </datafield>
    <datafield tag="029" ind1="1" ind2=" ">
      <subfield code="a">NLGGC</subfield>
      <subfield code="b">05636153X</subfield>
    </datafield>
    <datafield tag="035" ind1=" " ind2=" ">
      <subfield code="a">(OCoLC)31248384</subfield>
    </datafield>
    <datafield tag="100" ind1="1" ind2=" ">
      <subfield code="a">Gunning, J. H.,</subfield>
      <subfield code="c">Jr.</subfield>
      <subfield code="q">(Johannes Hermanus),</subfield>
      <subfield code="d">1829-1905.</subfield>
      <subfield code="1">https://id.oclc.org/worldcat/entity/E39PBJjXhFRgDYgc3xyH3tHgrq</subfield>
    </datafield>
    <datafield tag="245" ind1="1" ind2="4">
      <subfield code="a">Die objective Wahrheit des Gemeindebekenntnisses :</subfield>
      <subfield code="b">Vortrag in der Pastoral-Conferenz der Wupperthaler Festwoche am 16. August 1878 gehalten /</subfield>
      <subfield code="c">von J.H. Gunning.</subfield>
    </datafield>
    <datafield tag="260" ind1=" " ind2=" ">
      <subfield code="a">Gotha :</subfield>
      <subfield code="b">Friedrich Andreas Perthes,</subfield>
      <subfield code="c">1879.</subfield>
    </datafield>
    <datafield tag="300" ind1=" " ind2=" ">
      <subfield code="a">vi, 55 pages ;</subfield>
      <subfield code="c">20 cm</subfield>
    </datafield>
    <datafield tag="336" ind1=" " ind2=" ">
      <subfield code="a">text</subfield>
      <subfield code="b">txt</subfield>
      <subfield code="2">rdacontent</subfield>
    </datafield>
    <datafield tag="337" ind1=" " ind2=" ">
      <subfield code="a">unmediated</subfield>
      <subfield code="b">n</subfield>
      <subfield code="2">rdamedia</subfield>
    </datafield>
    <datafield tag="338" ind1=" " ind2=" ">
      <subfield code="a">volume</subfield>
      <subfield code="b">nc</subfield>
      <subfield code="2">rdacarrier</subfield>
    </datafield>
    <datafield tag="650" ind1=" " ind2="0">
      <subfield code="a">Confession (Liturgy)</subfield>
    </datafield>
    <datafield tag="650" ind1=" " ind2="6">
      <subfield code="a">Confession</subfield>
      <subfield code="x">Liturgie.</subfield>
    </datafield>
    <datafield tag="650" ind1=" " ind2="7">
      <subfield code="a">Confession (Liturgy)</subfield>
      <subfield code="2">fast</subfield>
      <subfield code="0">(OCoLC)fst00874665</subfield>
    </datafield>
    <datafield tag="758" ind1=" " ind2=" ">
      <subfield code="i">has work:</subfield>
      <subfield code="a">Die objective Wahrheit des Gemeindebekenntnisses (Text)</subfield>
      <subfield code="1">https://id.oclc.org/worldcat/entity/E39PCFVFcYxK9x4dwrkRmqw4D3</subfield>
      <subfield code="4">https://id.oclc.org/worldcat/ontology/hasWork</subfield>
    </datafield>
    <datafield tag="776" ind1="0" ind2="8">
      <subfield code="i">Online version:</subfield>
      <subfield code="a">Gunning, J. H., Jr. (Johannes Hermanus), 1829-1905.</subfield>
      <subfield code="t">Objective Wahrheit des Gemeindebekenntnisses.</subfield>
      <subfield code="d">Gotha : Friedrich Andreas Perthes, 1879</subfield>
      <subfield code="w">(OCoLC)902848881</subfield>
    </datafield>
    <datafield tag="936" ind1=" " ind2=" ">
      <subfield code="a">BATCHLOAD</subfield>
    </datafield>
  </record>